Cartas de amor y desamor
Wedi'i Gadw mewn:
| Prif Awdur: | |
|---|---|
| Fformat: | Llyfr |
| Iaith: | Sbaeneg |
| Cyhoeddwyd: |
Santiago
Andrés Bello
1999
|
| Rhifyn: | 2a. ed |
| Pynciau: | |
| Tagiau: |
Ychwanegu Tag
Dim Tagiau, Byddwch y cyntaf i dagio'r cofnod hwn!
|
MARC
| LEADER | 00000cam a2200000 a 4500 | ||
|---|---|---|---|
| 001 | UCN0420 | ||
| 003 | CL-VaPUC | ||
| 005 | 20220223115809.0 | ||
| 008 | 010323e19990000CL |||||||||||||||||spa|d | ||
| 999 | |c 294170 |d 294168 | ||
| 020 | |a 9561316021 | ||
| 040 | |c Pontificia Universidad Católica de Valparaíso | ||
| 082 | 0 | 4 | |a Ch866 |b MIS |2 21 |
| 100 | |a Mistral, Gabriela |e autora |9 866378 | ||
| 245 | 1 | 0 | |a Cartas de amor y desamor |
| 250 | |a 2a. ed | ||
| 260 | |a Santiago |b Andrés Bello |c 1999 | ||
| 300 | |a 250 p | ||
| 583 | |a last modification |c 20130306 12:48:30 |k Rodrigo Vera | ||
| 650 | 7 | |a CORRESPONDENCIAS CHILENAS |2 CL-VaPUC |9 455641 | |
| 942 | |c BK |2 ddc | ||
| 945 | |d 20010323 00:00:00 |a cmena | ||
| 952 | |0 0 |1 0 |4 0 |6 CH_866_000000000000000_MIS_1999 |7 0 |8 A |9 346090 |a BIBEDU |b BIBEDU |c ES_NOD |d 2019-11-20 |i 3702367 |l 2 |o Ch866 MIS 1999 |p 3702367 |r 2024-03-15 |s 2024-03-07 |w 2019-11-20 |y BK |k LIT | ||
| 952 | |0 0 |1 0 |4 0 |6 CH_866_000000000000000_MIS_1999 |7 0 |8 A |9 346091 |a BIBEDU |b BIBEDU |c ES_NOD |d 2019-11-20 |i 4837819 |l 1 |m 1 |o Ch866 MIS 1999 |p 4837819 |r 2023-08-09 |s 2023-03-03 |w 2019-11-20 |y BK |k BME | ||